| 000 | 00861nam0a22002531 4500 | ||
|---|---|---|---|
| 001 | rc\2816325 | ||
| 005 | 20250806211225.0 | ||
| 035 | _a(NLR Aleph) 006942049 | ||
| 090 |
_a39256 _c39256 |
||
| 100 | _a20110915d1945 u y0rusy50 ca | ||
| 101 | 0 | _arus | |
| 102 | _aRU | ||
| 105 | _ay z ||||| | ||
| 200 | 1 |
_aСорта и семеноводство картофеля _fП. А. Яхтенфельд |
|
| 210 |
_aИркутск _cИркут. обл. изд-во _d1945 _g1-я гос. типолит. |
||
| 215 |
_a56 с., без обл. _d21 см. |
||
| 700 | 1 |
_aЯхтенфельд _bП.А. _f1903-1974 _gПавел Александрович |
|
| 801 | 0 |
_aRU _bNLR _gpsbo |
|
| 801 | 1 |
_aRU _bELAR _2rusmarc |
|
| 852 |
_aNLR _jС50 Г-4/414 |
||
| 942 | _cBOOK | ||
| 945 | _aРоссийская национальная библиотека | ||
| 980 | _aNB | ||
| 980 | _aBV | ||